000 00432nam a2200157Ia 4500
008 231217s9999 xx 000 0 und d
041 _aEnglish
082 _a001.6424PAS JEN;3
100 _aJensen, Kathleen Wirth, Niklaus Mickel, Andrew B Rev.
245 0 _aPascal user manual and report
250 _a3rd ed.
260 _c1985
_bNarosa, Delhi
300 _axvi+266
650 _aPascal ISO Pascal Standard
942 _cAA
999 _c160746
_d160746